[Event "Auckland Anniversary op"]
[Site "Auckland"]
[Date "2023.01.28"]
[Round "1"]
[White "Lino Serron, Nahuel"]
[Black "Metge, J Nigel"]
[Result "0-1"]
[WhiteElo "1249"]
[BlackElo "1932"]
[PlyCount "82"]
[EventDate "2023.01.28"]
[EventType "swiss"]
[EventRounds "6"]
[EventCountry "NZL"]
[SourceTitle "EXT 2024"]
[Source "ChessBase"]
[SourceDate "2023.10.10"]
[SourceVersion "1"]
[SourceVersionDate "2023.10.10"]
[SourceQuality "1"]

1. e4 e6 2. d4 d5 3. exd5 exd5 4. Nf3 Nc6 5. c3 Bd6 6. Bg5 Nge7 7. Bd3 Bg4 8. h3 Bh5 9. 0-0 Qd7 10. Nbd2 0-0-0 11. a4 f6 12. Be3 g5 13. Be2 Rdg8 14. Nh2 Bxe2 15. Qxe2 h5 16. f3 Nf5 17. Bf2 Ng3 18. Bxg3 Bxg3 19. Rfd1 Re8 20. Qd3 Re7 21. Ndf1 Bf4 22. Re1 Rhe8 23. Kf2 Rxe1 24. Rxe1 Rxe1 25. Kxe1 Qd6 26. Qf5+ Kb8 27. Kf2 Ne7 28. Qh7 h4 29. Ng4 f5 30. Qh8+ Nc8 31. Ne5 Bxe5 32. Qxe5 Qxe5 33. dxe5 Ne7 34. Ne3 Kc8 35. Ke2 Kd7 36. c4 Ke6 37. Kd3 Kxe5 38. b4 dxc4+ 39. Kxc4 Kf4 40. Kd3 Kg3 41. Nf1+ Kxg2 0-1

[Event "Asian-ch Seniors 65"]
[Site "Auckland"]
[Date "2022.10.17"]
[Round "5"]
[White "Beach, Paul K"]
[Black "Metge, J Nigel"]
[Result "1-0"]
[WhiteElo "2086"]
[BlackElo "1921"]
[PlyCount "63"]
[EventDate "2022.10.15"]
[EventType "swiss"]
[EventRounds "9"]
[EventCountry "NZL"]
[SourceTitle "EXT 2024"]
[Source "ChessBase"]
[SourceDate "2023.10.10"]
[SourceVersion "1"]
[SourceVersionDate "2023.10.10"]
[SourceQuality "1"]

1. e4 e6 2. d4 d5 3. Nd2 Nf6 4. e5 Nfd7 5. Bd3 c5 6. c3 Nc6 7. Ngf3 Be7 8. 0-0 g5 9. h3 h5 10. Re1 g4 11. hxg4 hxg4 12. Nh2 g3 13. Nhf3 Qb6 14. Qa4 cxd4 15. cxd4 Bb4 16. Re3 Nxd4 17. Nxd4 gxf2+ 18. Kxf2 Qxd4 19. Nf3 Qb6 20. Kg3 Rh1 21. Re2 Bc5 22. Qg4 Nf8 23. a3 Qc7 24. Rc2 f5 25. Qg8 Rh7 26. Bg5 Rg7 27. Qh8 Rh7 28. Qf6 Nd7 29. Qxe6+ Re7 30. Bxe7 Nxe5 31. Qxe5 Qxe7 32. Rxc5 1-0

[Event "NZL-ch op 128th"]
[Site "Palmerston North"]
[Date "2021.01.06"]
[Round "5"]
[White "Tang, Hao"]
[Black "Metge, J Nigel"]
[Result "1/2-1/2"]
[WhiteElo "1727"]
[BlackElo "1857"]
[PlyCount "102"]
[EventDate "2021.01.02"]
[EventType "swiss"]
[EventRounds "9"]
[EventCountry "NZL"]
[SourceTitle "CBM 200 Extra"]
[Source "ChessBase"]
[SourceDate "2021.03.31"]
[SourceVersion "1"]
[SourceVersionDate "2021.03.31"]
[SourceQuality "1"]

1. d4 e6 2. Nf3 f5 3. a3 Nf6 4. b4 b6 5. c4 Bb7 6. e3 Be7 7. Nc3 d6 8. Be2 0-0 9. 0-0 Ne4 10. Qb3 Nxc3 11. Qxc3 c5 12. Bb2 Bf6 13. Qb3 Qe7 14. Rfd1 Nd7 15. Rd2 Rad8 16. Rad1 e5 17. dxc5 dxc5 18. Qa4 e4 19. Bxf6 Nxf6 20. Rxd8 Rxd8 21. Rxd8+ Qxd8 22. Ng5 a6 23. bxc5 bxc5 24. Qb3 Bc6 25. Ne6 Qd6 26. Nf4 g5 27. Nh3 Ng4 28. Bxg4 fxg4 29. Nxg5 h6 30. h3 hxg5 31. hxg4 Bd7 32. Qb7 Qd1+ 33. Kh2 Qxg4 34. Qxa6 Qe6 35. Qa8+ Kg7 36. a4 Qd6+ 37. g3 Qe6 38. Qb7 Qc6 39. Qb2+ Qf6 40. Qa2 Qh6+ 41. Kg1 Qd6 42. Qa1+ Kg6 43. a5 Bc8 44. Qa4 Bd7 45. Qa1 Bc8 46. Qa4 Ba6 47. Qe8+ Kf5 48. Qf7+ Qf6 49. Qd7+ Kg6 50. Qe8+ Kg7 51. Qxe4 Qa1+ 1/2-1/2

[Event "Auckland Stuart Memorial op"]
[Site "Auckland"]
[Date "2019.08.25"]
[Round "5"]
[White "Thornton, Giovanni Antonio"]
[Black "Metge, J Nigel"]
[Result "1-0"]
[WhiteElo "2053"]
[BlackElo "1911"]
[PlyCount "125"]
[EventDate "2019.08.24"]
[EventType "swiss"]
[EventRounds "5"]
[EventCountry "NZL"]
[SourceTitle "EXT 2023"]
[Source "ChessBase"]
[SourceDate "2022.10.05"]
[SourceVersion "1"]
[SourceVersionDate "2022.10.05"]
[SourceQuality "1"]

1. d4 Nf6 2. Nf3 e6 3. Bf4 c5 4. c3 Qb6 5. Qb3 Qxb3 6. axb3 Nc6 7. e3 Nh5 8. Bc7 d6 9. dxc5 dxc5 10. h3 Kd7 11. Bh2 Bd6 12. Bxd6 Kxd6 13. Nbd2 Nf6 14. g4 b6 15. Nc4+ Kc7 16. Bg2 Bb7 17. 0-0 h5 18. Nfe5 hxg4 19. hxg4 b5 20. Bxc6 Bxc6 21. Nxc6 bxc4 22. Ne5 cxb3 23. Ra6 Rh4 24. Kg2 Ne4 25. Rd1 Kb7 26. Ra5 f6 27. Rb5+ Kc8 28. Nf7 Kc7 29. f3 Rf8 30. fxe4 Rxf7 31. Kg3 Kc6 32. Rxb3 g5 33. Ra3 Rfh7 34. Rg1 Rh3+ 35. Kf2 Rh2+ 36. Rg2 Rh1 37. Ra6+ Kb5 38. Rxe6 Rb1 39. Kg3 Kc4 40. Rxf6 Re1 41. Kf2 Rhh1 42. Rf5 Rhf1+ 43. Kg3 Rxe3+ 44. Kh2 Rfe1 45. Rxg5 Rxe4 46. Rf5 Re7 47. g5 Rg7 48. Kg3 Ree7 49. Kf4 a5 50. Rf6 a4 51. Ra6 Kb3 52. g6 Re1 53. Kg5 Ree7 54. Rb6+ Kc4 55. Rg4+ Kd5 56. Rxa4 Rc7 57. Rf4 Ke5 58. Rbf6 c4 59. Rf7 Ke6 60. R4f6+ Ke5 61. Rxc7 Rxc7 62. Rf7 Rc5 63. Rf5+ 1-0